=LDR 00000nam 2200000 4500 =001 INLIS000000000018949 =005 20130612114051 =008 ***********************************Ind** =035 ##$$0010-061300000018949 =041 ##$$a Ind =082 ##$$a 370.19 =090 ##$$a 370.19, Sos s =100 ##$$a Ahmadi, Abu =245 ##$$a Sosiologi pendidikan, oleh Drs. H. Abu Ahmadi =260 ##$$a 1991 $b Jakarta =300 ##$$a ix, 237 hlm, ilus, 21 cm =650 ##$$a Sosiologi =850 ##$$a NBPNMAT =990 ##$$a 0001/BPAP-NTB/20142014 =990 ##$$a 0001/BPAP-NTB/20142015 =990 ##$$a 0001/BPAP-NTB/2016